La técnica y la materia / (Record no. 176919)

MARC details
000 -LEADER
campo de control de longitud fija 01136nam a22002775i 4500
001 - NÚMERO DE CONTROL
campo de control 176919
003 - IDENTIFICADOR DE NÚMERO DE CONTROL
campo de control ES-MaACL
005 - FECHA Y HORA DE LA ÚLTIMA TRANSACCIÓN
campo de control 20230906220219.0
008 - DATOS DE LONGITUD FIJA--INFORMACIÓN GENERAL
campo de control de longitud fija 110218s1968 sp afo e |||| | spa d
080 ## - NÚMERO DE LA CLASIFICACIÓN DECIMAL UNIVERSAL
Número de la Clasificación Decimal Universal 5/6(03)
245 03 - MENCIÓN DEL TÍTULO
Título La técnica y la materia /
Mención de responsabilidad, etc. prólogo del Dr. D. Luis Miratvilles ; con un texto inédito de Robert Oppenheimet ; [traductores y redactores, José Aymamí ... et al.].
260 ## - PUBLICACIÓN, DISTRIBUCIÓN, ETC.
Lugar de publicación, distribución, etc. Barcelona :
Nombre del editor, distribuidor, etc. Argos,
Fecha de publicación, distribución, etc. [1968]
300 ## - DESCRIPCIÓN FÍSICA
Extensión 2 v. :
Otras características físicas il. col. y n. ;
Dimensiones 24 cm.
490 1# - MENCIÓN DE SERIE
Mención de serie Enciclopedia internacional Focus
505 80 - NOTA DE CONTENIDO CON FORMATO
Nota de contenido con formato Contiene: 1. La técnica (780 p.) - 2. - La materia (739 p.)
594 ## - Nota al título y mención de responsabilidad
Nota al título y mención de responsabilidad Vol. de extensión, complementarios de la Enciclopedia internacional Focus.
650 #4 - PUNTO DE ACCESO ADICIONAL DE MATERIA--TÉRMINO DE MATERIA
Término de materia o nombre geográfico como elemento de entrada Tecnología-
Subdivisión de forma Enciclopedias.
9 (RLIN) 143700
650 #4 - PUNTO DE ACCESO ADICIONAL DE MATERIA--TÉRMINO DE MATERIA
Término de materia o nombre geográfico como elemento de entrada Ciencias-
Subdivisión de forma Enciclopedias.
9 (RLIN) 140482
700 1# - ENTRADA AGREGADA--NOMBRE PERSONAL
Nombre de persona Miravitlles, Luis.
9 (RLIN) 81575
700 1# - ENTRADA AGREGADA--NOMBRE PERSONAL
Nombre de persona Oppenheimer, J. Robert.
9 (RLIN) 156731
700 1# - ENTRADA AGREGADA--NOMBRE PERSONAL
Nombre de persona Aymamí, José María.
9 (RLIN) 173776
740 02 - ENTRADA AGREGADA--TÍTULO RELACIONADO/ANALÍTICO NO CONTROLADO
Título relacionado o analítico no controlado Enciclopedia internacional Focus.
830 1# - PUNTO DE ACCESO ADICIONAL DE SERIE-TÍTULO UNIFORME
Título uniforme Enciclopedia internacional Focus
9 (RLIN) 190302
852 4# - LOCALIZACIÓN
Ubicación ES-MaACL
Número de control de estantería E-14356-57
Encuadernación Olim P-381-Ter
Holdings
Estatus retirado Estado de pérdida Estado de daño No para préstamo Biblioteca de origen Biblioteca actual Ubicación en estantería Fecha de adquisición Fuente de adquisición Total de préstamos Signatura topográfica completa Código de barras Visto por última vez Precio de reemplazo Tipo de ítem Koha
        Biblioteca del Ateneo de Madrid Biblioteca del Ateneo de Madrid Depósito 2 18/02/2011     E-14356-57 1185819 23/02/2023 23/02/2023 Libro impreso